<?xml version="1.0" encoding="UTF-8"?>
<record
    xmlns:xsi="http://www.w3.org/2001/XMLSchema-instance"
    xsi:schemaLocation="http://www.loc.gov/MARC21/slim http://www.loc.gov/standards/marcxml/schema/MARC21slim.xsd"
    xmlns="http://www.loc.gov/MARC21/slim">

  <leader>03845nam0a2200373   4500</leader>
  <controlfield tag="001">RU\NLR\BIBL_A\012904766</controlfield>
  <controlfield tag="005">20230314125236.0</controlfield>
  <datafield tag="010" ind1=" " ind2=" ">
    <subfield code="a">978-5-6043389-4-0</subfield>
    <subfield code="9">500</subfield>
  </datafield>
  <datafield tag="021" ind1=" " ind2=" ">
    <subfield code="a">RU</subfield>
    <subfield code="b">&#x41A;&#x41D;-&#x41F;-22-054489</subfield>
    <subfield code="9">&#x41A;&#x41D;-&#x41F;-22-4725</subfield>
  </datafield>
  <datafield tag="035" ind1=" " ind2=" ">
    <subfield code="a">(NLR Aleph) 012904766</subfield>
  </datafield>
  <datafield tag="035" ind1=" " ind2=" ">
    <subfield code="a">(RuMoRGB)011179676</subfield>
  </datafield>
  <datafield tag="090" ind1=" " ind2=" ">
    <subfield code="a">12593916</subfield>
    <subfield code="c">12593916</subfield>
  </datafield>
  <datafield tag="100" ind1=" " ind2=" ">
    <subfield code="a">20221007d2019    u  y0rusy50      ca</subfield>
  </datafield>
  <datafield tag="101" ind1="0" ind2=" ">
    <subfield code="a">rus</subfield>
  </datafield>
  <datafield tag="102" ind1=" " ind2=" ">
    <subfield code="a">RU</subfield>
  </datafield>
  <datafield tag="105" ind1=" " ind2=" ">
    <subfield code="a">a   j   000zy</subfield>
  </datafield>
  <datafield tag="181" ind1=" " ind2="0">
    <subfield code="a">i3</subfield>
    <subfield code="b">axxe  </subfield>
  </datafield>
  <datafield tag="182" ind1=" " ind2="0">
    <subfield code="a">n</subfield>
  </datafield>
  <datafield tag="200" ind1="1" ind2=" ">
    <subfield code="a">&#x41B;&#x438;&#x43D;&#x433;&#x432;&#x43E;&#x434;&#x438;&#x434;&#x430;&#x43A;&#x442;&#x438;&#x43A;&#x430; &#x434;&#x43B;&#x44F; &#x443;&#x447;&#x438;&#x442;&#x435;&#x43B;&#x435;&#x439; &#x43E;&#x441;&#x43D;&#x43E;&#x432;&#x43D;&#x43E;&#x439; &#x448;&#x43A;&#x43E;&#x43B;&#x44B;</subfield>
    <subfield code="e">&#x443;&#x447;&#x435;&#x431;&#x43D;&#x43E;&#x435; &#x43F;&#x43E;&#x441;&#x43E;&#x431;&#x438;&#x435;</subfield>
    <subfield code="e">&#x434;&#x43B;&#x44F; &#x43F;&#x43E;&#x434;&#x433;&#x43E;&#x442;&#x43E;&#x432;&#x43A;&#x438; &#x431;&#x430;&#x43A;&#x430;&#x43B;&#x430;&#x432;&#x440;&#x43E;&#x432;-&#x43B;&#x438;&#x43D;&#x433;&#x432;&#x438;&#x441;&#x442;&#x43E;&#x432; &#x43F;&#x43E; &#x43D;&#x430;&#x43F;&#x440;&#x430;&#x432;&#x43B;&#x435;&#x43D;&#x438;&#x44F;&#x43C; 45.03.02 "&#x41B;&#x438;&#x43D;&#x433;&#x432;&#x438;&#x441;&#x442;&#x438;&#x43A;&#x430;" &#x438; &#x43C;&#x430;&#x433;&#x438;&#x441;&#x442;&#x440;&#x43E;&#x432; - 45.04.02 "&#x41B;&#x438;&#x43D;&#x433;&#x432;&#x438;&#x441;&#x442;&#x438;&#x43A;&#x430;" &#x43F;&#x43E; &#x43F;&#x440;&#x43E;&#x444;&#x438;&#x43B;&#x44E; &#x43E;&#x431;&#x443;&#x447;&#x435;&#x43D;&#x438;&#x44F; "&#x422;&#x435;&#x43E;&#x440;&#x438;&#x44F; &#x438; &#x43C;&#x435;&#x442;&#x43E;&#x434;&#x438;&#x43A;&#x430; &#x43F;&#x440;&#x435;&#x43F;&#x43E;&#x434;&#x430;&#x432;&#x430;&#x43D;&#x438;&#x44F; &#x438;&#x43D;&#x43E;&#x441;&#x442;&#x440;&#x430;&#x43D;&#x43D;&#x44B;&#x445; &#x44F;&#x437;&#x44B;&#x43A;&#x43E;&#x432; &#x438; &#x43A;&#x443;&#x43B;&#x44C;&#x442;&#x443;&#x440;"</subfield>
    <subfield code="f">&#x415;. &#x412;. &#x415;&#x433;&#x43E;&#x440;&#x43E;&#x432;&#x430;, &#x422;. &#x410;. &#x41B;&#x43E;&#x43F;&#x430;&#x442;&#x443;&#x445;&#x438;&#x43D;&#x430;</subfield>
  </datafield>
  <datafield tag="203" ind1=" " ind2=" ">
    <subfield code="a">&#x422;&#x435;&#x43A;&#x441;&#x442;</subfield>
    <subfield code="b">&#x432;&#x438;&#x437;&#x443;&#x430;&#x43B;&#x44C;&#x43D;&#x44B;&#x439;</subfield>
    <subfield code="c">&#x43D;&#x435;&#x43F;&#x43E;&#x441;&#x440;&#x435;&#x434;&#x441;&#x442;&#x432;&#x435;&#x43D;&#x43D;&#x44B;&#x439;</subfield>
  </datafield>
  <datafield tag="210" ind1=" " ind2=" ">
    <subfield code="a">&#x420;&#x43E;&#x441;&#x442;&#x43E;&#x432;-&#x43D;&#x430;-&#x414;&#x43E;&#x43D;&#x443;</subfield>
    <subfield code="c">&#x411;&#x435;&#x441;&#x43F;&#x430;&#x43C;&#x44F;&#x442;&#x43D;&#x43E;&#x432; &#x421;. &#x412;.</subfield>
    <subfield code="d">2019</subfield>
  </datafield>
  <datafield tag="215" ind1=" " ind2=" ">
    <subfield code="a">125 &#x441;.</subfield>
    <subfield code="c">&#x438;&#x43B;., &#x442;&#x430;&#x431;&#x43B;.</subfield>
    <subfield code="d">21</subfield>
  </datafield>
  <datafield tag="320" ind1=" " ind2=" ">
    <subfield code="a">&#x411;&#x438;&#x431;&#x43B;&#x438;&#x43E;&#x433;&#x440;.: &#x441;. 123-125 (39 &#x43D;&#x430;&#x437;&#x432;.) &#x438; &#x432; &#x43F;&#x43E;&#x434;&#x441;&#x442;&#x440;&#x43E;&#x447;. &#x43F;&#x440;&#x438;&#x43C;&#x435;&#x447;.</subfield>
  </datafield>
  <datafield tag="330" ind1=" " ind2=" ">
    <subfield code="a">&#x41A;&#x43E;&#x43D;&#x446;&#x435;&#x43F;&#x442;&#x443;&#x430;&#x43B;&#x44C;&#x43D;&#x43E;-&#x442;&#x435;&#x43E;&#x440;&#x435;&#x442;&#x438;&#x447;&#x435;&#x441;&#x43A;&#x43E;&#x439; &#x43E;&#x441;&#x43D;&#x43E;&#x432;&#x43E;&#x439; &#x434;&#x430;&#x43D;&#x43D;&#x43E;&#x433;&#x43E; &#x43F;&#x43E;&#x441;&#x43E;&#x431;&#x438;&#x44F; &#x44F;&#x432;&#x43B;&#x44F;&#x435;&#x442;&#x441;&#x44F; &#x430;&#x432;&#x442;&#x43E;&#x440;&#x441;&#x43A;&#x43E;&#x435; &#x43F;&#x440;&#x435;&#x434;&#x441;&#x442;&#x430;&#x432;&#x43B;&#x435;&#x43D;&#x438;&#x435; &#x443;&#x447;&#x435;&#x431;&#x43D;&#x43E;&#x439; &#x434;&#x438;&#x441;&#x446;&#x438;&#x43F;&#x43B;&#x438;&#x43D;&#x44B; "&#x41B;&#x438;&#x43D;&#x433;&#x432;&#x43E;&#x434;&#x438;&#x434;&#x430;&#x43A;&#x442;&#x438;&#x43A;&#x430;" &#x432; &#x432;&#x438;&#x434;&#x435; &#x438;&#x43D;&#x442;&#x435;&#x433;&#x440;&#x430;&#x442;&#x438;&#x432;&#x43D;&#x43E;&#x433;&#x43E; &#x441;&#x43E;&#x447;&#x435;&#x442;&#x430;&#x43D;&#x438;&#x44F; &#x43F;&#x440;&#x435;&#x434;&#x43C;&#x435;&#x442;&#x43D;&#x43E;&#x433;&#x43E; &#x441;&#x43E;&#x434;&#x435;&#x440;&#x436;&#x430;&#x43D;&#x438;&#x44F; &#x442;&#x430;&#x43A;&#x438;&#x445; &#x434;&#x438;&#x441;&#x446;&#x438;&#x43F;&#x43B;&#x438;&#x43D; &#x43A;&#x430;&#x43A; &#x43F;&#x435;&#x434;&#x430;&#x433;&#x43E;&#x433;&#x438;&#x43A;&#x430;, &#x43B;&#x438;&#x43D;&#x433;&#x432;&#x438;&#x441;&#x442;&#x438;&#x43A;&#x430;, &#x43F;&#x440;&#x43E;&#x444;&#x435;&#x441;&#x441;&#x438;&#x43E;&#x43D;&#x430;&#x43B;&#x44C;&#x43D;&#x430;&#x44F; &#x43B;&#x438;&#x43D;&#x433;&#x432;&#x43E;&#x434;&#x438;&#x434;&#x430;&#x43A;&#x442;&#x438;&#x43A;&#x430;, &#x43B;&#x438;&#x43D;&#x433;&#x432;&#x438;&#x441;&#x442;&#x438;&#x43A;&#x430; &#x442;&#x435;&#x43A;&#x441;&#x442;&#x430;, &#x43A;&#x43E;&#x440;&#x43F;&#x443;&#x441;&#x43D;&#x430;&#x44F; &#x43B;&#x438;&#x43D;&#x433;&#x432;&#x438;&#x441;&#x442;&#x438;&#x43A;&#x430; &#x43D;&#x430; &#x43E;&#x441;&#x43D;&#x43E;&#x432;&#x435; &#x441;&#x438;&#x441;&#x442;&#x435;&#x43C;&#x43D;&#x43E;-&#x441;&#x442;&#x440;&#x443;&#x43A;&#x442;&#x443;&#x440;&#x43D;&#x43E;&#x433;&#x43E; &#x43F;&#x440;&#x438;&#x43D;&#x446;&#x438;&#x43F;&#x430; &#x441;&#x43C;&#x44B;&#x441;&#x43B;&#x43E;&#x432;&#x43E;&#x439; &#x43E;&#x431;&#x440;&#x430;&#x431;&#x43E;&#x442;&#x43A;&#x438; &#x43A;&#x43E;&#x43D;&#x442;&#x435;&#x43D;&#x442;&#x430; &#x43F;&#x43E; &#x443;&#x440;&#x43E;&#x432;&#x43D;&#x44F;&#x43C; &#x44F;&#x437;&#x44B;&#x43A;&#x430; &#x438; &#x43F;&#x43E; &#x432;&#x438;&#x434;&#x430;&#x43C; &#x440;&#x435;&#x447;&#x435;&#x432;&#x43E;&#x439; &#x434;&#x435;&#x44F;&#x442;&#x435;&#x43B;&#x44C;&#x43D;&#x43E;&#x441;&#x442;&#x438;, &#x43F;&#x440;&#x435;&#x43B;&#x43E;&#x43C;&#x43B;&#x44F;&#x435;&#x43C;&#x44B;&#x445; &#x432; &#x43F;&#x440;&#x430;&#x43A;&#x442;&#x438;&#x43A;&#x435; &#x43E;&#x431;&#x443;&#x447;&#x435;&#x43D;&#x438;&#x44F; &#x447;&#x435;&#x440;&#x435;&#x437; &#x43E;&#x431;&#x440;&#x430;&#x437;&#x43E;&#x432;&#x430;&#x442;&#x435;&#x43B;&#x44C;&#x43D;&#x44B;&#x435; &#x43F;&#x435;&#x434;&#x430;&#x433;&#x43E;&#x433;&#x438;&#x447;&#x435;&#x441;&#x43A;&#x438;&#x435; &#x442;&#x435;&#x445;&#x43D;&#x43E;&#x43B;&#x43E;&#x433;&#x438;&#x438;, &#x430; &#x442;&#x430;&#x43A;&#x436;&#x435; &#x438;&#x43D;&#x43E;&#x44F;&#x437;&#x44B;&#x447;&#x43D;&#x44B;&#x435; &#x43E;&#x431;&#x440;&#x430;&#x437;&#x43E;&#x432;&#x430;&#x442;&#x435;&#x43B;&#x44C;&#x43D;&#x44B;&#x435; &#x442;&#x435;&#x445;&#x43D;&#x43E;&#x43B;&#x43E;&#x433;&#x438;&#x438;, &#x43E;&#x431;&#x440;&#x430;&#x437;&#x43E;&#x432;&#x430;&#x442;&#x435;&#x43B;&#x44C;&#x43D;&#x44B;&#x435; &#x43F;&#x430;&#x440;&#x430;&#x434;&#x438;&#x433;&#x43C;&#x44B; &#x438; &#x43F;&#x435;&#x434;&#x430;&#x433;&#x43E;&#x433;&#x438;&#x447;&#x435;&#x441;&#x43A;&#x438;&#x435; &#x43A;&#x430;&#x440;&#x43A;&#x430;&#x441;&#x44B;, &#x440;&#x430;&#x437;&#x432;&#x438;&#x432;&#x430;&#x44E;&#x449;&#x438;&#x435; &#x44D;&#x43B;&#x435;&#x43C;&#x435;&#x43D;&#x442;&#x430;&#x440;&#x43D;&#x443;&#x44E; &#x438; &#x444;&#x443;&#x43D;&#x43A;&#x446;&#x438;&#x43E;&#x43D;&#x430;&#x43B;&#x44C;&#x43D;&#x443;&#x44E; &#x433;&#x440;&#x430;&#x43C;&#x43E;&#x442;&#x43D;&#x43E;&#x441;&#x442;&#x44C; &#x43E;&#x431;&#x443;&#x447;&#x430;&#x44E;&#x449;&#x438;&#x445;&#x441;&#x44F;. &#x423;&#x447;&#x435;&#x431;&#x43D;&#x43E;&#x435; &#x43F;&#x43E;&#x441;&#x43E;&#x431;&#x438;&#x435; &#x43F;&#x440;&#x435;&#x434;&#x441;&#x442;&#x430;&#x432;&#x43B;&#x44F;&#x435;&#x442; &#x440;&#x435;&#x442;&#x440;&#x43E;&#x441;&#x43F;&#x435;&#x43A;&#x442;&#x438;&#x432;&#x43D;&#x44B;&#x439; &#x430;&#x43D;&#x430;&#x43B;&#x438;&#x437; &#x44D;&#x442;&#x430;&#x43F;&#x43E;&#x432; &#x440;&#x430;&#x437;&#x432;&#x438;&#x442;&#x438;&#x44F; &#x43B;&#x438;&#x43D;&#x433;&#x432;&#x43E;&#x434;&#x438;&#x434;&#x430;&#x43A;&#x442;&#x438;&#x43A;&#x438; &#x438; &#x43D;&#x430;&#x43C;&#x435;&#x447;&#x430;&#x435;&#x442; &#x43F;&#x440;&#x43E;&#x433;&#x43D;&#x43E;&#x441;&#x442;&#x438;&#x447;&#x435;&#x441;&#x43A;&#x438;&#x435; &#x432;&#x43E;&#x437;&#x43C;&#x43E;&#x436;&#x43D;&#x43E;&#x441;&#x442;&#x438; &#x434;&#x430;&#x43B;&#x44C;&#x43D;&#x435;&#x439;&#x448;&#x435;&#x433;&#x43E; &#x440;&#x430;&#x437;&#x432;&#x438;&#x442;&#x438;&#x44F; &#x441;&#x43E;&#x432;&#x440;&#x435;&#x43C;&#x435;&#x43D;&#x43D;&#x43E;&#x439; &#x43F;&#x435;&#x434;&#x430;&#x433;&#x43E;&#x433;&#x438;&#x447;&#x435;&#x441;&#x43A;&#x43E;&#x439; &#x43D;&#x430;&#x443;&#x43A;&#x438;, &#x441;&#x432;&#x44F;&#x437;&#x430;&#x43D;&#x43D;&#x43E;&#x439; &#x441; &#x444;&#x43E;&#x440;&#x43C;&#x438;&#x440;&#x43E;&#x432;&#x430;&#x43D;&#x438;&#x435;&#x43C; &#x43F;&#x440;&#x43E;&#x444;&#x435;&#x441;&#x441;&#x438;&#x43E;&#x43D;&#x430;&#x43B;&#x44C;&#x43D;&#x43E;&#x439; &#x43A;&#x43E;&#x43C;&#x43F;&#x435;&#x442;&#x435;&#x43D;&#x442;&#x43D;&#x43E;&#x441;&#x442;&#x438; &#x443;&#x447;&#x438;&#x442;&#x435;&#x43B;&#x435;&#x439; &#x43E;&#x441;&#x43D;&#x43E;&#x432;&#x43D;&#x43E;&#x439; &#x448;&#x43A;&#x43E;&#x43B;&#x44B;, &#x43E;&#x431;&#x443;&#x447;&#x430;&#x44E;&#x449;&#x438;&#x445; &#x43A;&#x430;&#x43A; &#x440;&#x43E;&#x434;&#x43D;&#x43E;&#x43C;&#x443; &#x44F;&#x437;&#x44B;&#x43A;&#x443;, &#x442;&#x430;&#x43A; &#x438; &#x438;&#x43D;&#x43E;&#x441;&#x442;&#x440;&#x430;&#x43D;&#x43D;&#x43E;&#x43C;&#x443; &#x44F;&#x437;&#x44B;&#x43A;&#x430;&#x43C;</subfield>
  </datafield>
  <datafield tag="606" ind1="1" ind2=" ">
    <subfield code="a">&#x41B;&#x438;&#x43D;&#x433;&#x432;&#x43E;&#x434;&#x438;&#x434;&#x430;&#x43A;&#x442;&#x438;&#x43A;&#x430;</subfield>
    <subfield code="j">&#x423;&#x447;&#x435;&#x431;&#x43D;&#x44B;&#x435; &#x438;&#x437;&#x434;&#x430;&#x43D;&#x438;&#x44F; &#x434;&#x43B;&#x44F; &#x432;&#x44B;&#x441;&#x448;&#x438;&#x445; &#x443;&#x447;&#x435;&#x431;&#x43D;&#x44B;&#x445; &#x437;&#x430;&#x432;&#x435;&#x434;&#x435;&#x43D;&#x438;&#x439;</subfield>
    <subfield code="2">nlr_sh2</subfield>
    <subfield code="3">RU\NLR\AUTH\66636955</subfield>
  </datafield>
  <datafield tag="675" ind1=" " ind2=" ">
    <subfield code="a">373.5.016:81(075.8)</subfield>
    <subfield code="v">4</subfield>
  </datafield>
  <datafield tag="686" ind1="1" ind2=" ">
    <subfield code="a">&#x427;426.11/17(2&#x420;)&#x44F;73</subfield>
  </datafield>
  <datafield tag="700" ind1=" " ind2="1">
    <subfield code="a">&#x415;&#x433;&#x43E;&#x440;&#x43E;&#x432;&#x430;</subfield>
    <subfield code="b">&#x415;. &#x412;.</subfield>
    <subfield code="c">&#x43A;&#x430;&#x43D;&#x434;. &#x43F;&#x435;&#x434;. &#x43D;&#x430;&#x443;&#x43A;, &#x43B;&#x438;&#x43D;&#x433;&#x432;&#x438;&#x441;&#x442;&#x438;&#x43A;&#x430;</subfield>
    <subfield code="g">&#x415;&#x43A;&#x430;&#x442;&#x435;&#x440;&#x438;&#x43D;&#x430; &#x412;&#x43B;&#x430;&#x434;&#x438;&#x43C;&#x438;&#x440;&#x43E;&#x432;&#x43D;&#x430;</subfield>
    <subfield code="3">RU\NLR\AUTH\770160737</subfield>
  </datafield>
  <datafield tag="701" ind1=" " ind2="1">
    <subfield code="a">&#x41B;&#x43E;&#x43F;&#x430;&#x442;&#x443;&#x445;&#x438;&#x43D;&#x430;</subfield>
    <subfield code="b">&#x422;. &#x410;.</subfield>
    <subfield code="g">&#x422;&#x430;&#x442;&#x44C;&#x44F;&#x43D;&#x430; &#x410;&#x43B;&#x435;&#x43A;&#x441;&#x430;&#x43D;&#x434;&#x440;&#x43E;&#x432;&#x43D;&#x430;</subfield>
    <subfield code="3">RU\NLR\AUTH\770203523</subfield>
  </datafield>
  <datafield tag="942" ind1=" " ind2=" ">
    <subfield code="c">BOOK</subfield>
  </datafield>
  <datafield tag="980" ind1=" " ind2=" ">
    <subfield code="a">NBR</subfield>
  </datafield>
  <datafield tag="980" ind1=" " ind2=" ">
    <subfield code="a">NB</subfield>
  </datafield>
</record>
